000 00785cab a2200277 4500
001 WB3505-47
008 090401t1999 xxu||||| |||| 00| 0 eng d
035 _a(Sirsi) u91029
041 _aeng
245 _aNew incentives
260 _c1999
350 _a0
490 _aBuilding Homes
_vFebruary 1999, 7(1)
520 _aThe Urban Task Force is considering proposals to provide incentives to builders and buyers to move into urban brownland housing developments.
650 _aBROWNFIELD SITES
650 _aHOUSE BUILDERS
650 _aHOUSE BUILDING
650 _aHOUSE BUYERS
650 _aNEW HOMES
650 _aTAX INCENTIVES
650 _aURBAN REGENERATION
650 _aURBAN TASK FORCE
690 _aURBAN RENEWAL
942 _n0
948 _c02/02/1999
999 _c57760
_d57760